000 00612nam a2200241Ia 4500
003 OSt
005 20221005071409.0
006 a|||||r|||| 00| 0
007 ta
008 221004b |||||||| |||| 00| 0 eng d
024 _a35060
037 _cTextual
040 _aCRL
_cCRL
_beng
041 _2eng
_aeng
082 _a/\2y7M63, L9
100 _aAthalye D V
_950471
245 0 _aSwami Vivekananda
_b A study
260 _aNew Delhi
_bAshish
_c1979
300 _a286p.
_ccm.
650 _aSPIRITUALISM
942 _h/\2y7M63, L9
_cTEXL
_2cc
999 _c977766
_d977766